| 000 | nam a22 a 4500 | ||
|---|---|---|---|
| 999 |
_c181777 _d181777 |
||
| 003 | BLK | ||
| 005 | 20211111161916.0 | ||
| 008 | 180411b bul|||||r ||||||| ||bul|| | ||
| 010 | _aKNG00190683000 | ||
| 040 | _aBLK | ||
| 041 |
_aBUL _cBUL |
||
| 080 |
_aБългарска литература _b821.163.2 _x-94 _z821.163.2-94 |
||
| 100 | 1 |
_aГинчев, Иван Славов _eпърви автор _9383864 |
|
| 139 |
_aГинчев, Иван Славов _bГ 49 |
||
| 245 | 1 | 0 |
_aПартизани _bЗаписки _cИван Славов Гинчев. |
| 257 | _aBGR | ||
| 260 |
_aСофия _bДърж. воен. изд. _c1958 |
||
| 300 |
_a400 с. _b1 л. к. _c22 см |
||
| 380 | _aX | ||
| 500 | _aВ кн. авт. означен Иван Гинчев-Йонко | ||
| 852 |
_aЦб 12590 _bО |
||
| 856 | 4 | _qpdf | |
| 856 | 4 | _qpdf | |
| 942 |
_cKNG _n0 _s1 |
||
| 944 |
_aCR _c19.09.2016 _kКина_Георгиева |
||
| 944 |
_aED _c19.09.2016 _kКина_Георгиева |
||
| 999 | _d181777 | ||